Géographie - Les 20 villes les plus peuplées du Cher - Statistiques

Statistiques générales
  • Ce quiz a été pris 28 fois
  • Le résultat moyen est 8 sur 20
Statistiques - réponses
HINT HINT ANSWER % Correct
64 238 B Bourges
100%
25 254 V Vierzon
100%
9 690 S Saint-Amand-Montrond
89%
9 650 S Saint-Doulchard
53%
6 394 M Mehun-sur-Yèvre
47%
6 416 S Saint-Florent-sur-Cher
47%
5 464 A Aubigny-sur-Nère
37%
2 908 A Avord
37%
3 566 D Dun-sur-Auron
37%
2 941 S Sancoins
32%
3 687 L La Chapelle-Saint-Ursin
26%
3 187 L La Guerche-sur-l'Aubois
26%
4 852 S Saint-Germain-du-Puy
26%
4 034 T Trouy
26%
2 040 A Argent-sur-Sauldre
21%
2 649 M Méreau
16%
2 525 S Saint-Martin-d'Auxigny
16%
2 061 V Vignoux-sur-Barangeon
16%
2 052 F Foëcy
11%
2 104 P Plaimpied-Givaudins
5%
Aucun quiz correspondant
Distribution des résultats
% des personnes avec chaque résultat
Percentile par nombre de réponses
Votre historique - résultats
Vous n’avez pas pris ce quiz